| 000 | 00434nam a2200157Ia 4500 | ||
|---|---|---|---|
| 008 | 160316s1999 xxu||||| |||| 00| 0 eng d | ||
| 082 |
_a343.052000 _bMEH |
||
| 100 | _aMehta V G | ||
| 245 | _aIncome tax ready reckoner assessment year 1999-2000 | ||
| 250 | _a | ||
| 260 |
_aMumbai _bKuber Publishing House _c1999 |
||
| 300 |
_a352p _b _c |
||
| 365 | _bRs.280 | ||
| 650 | _a1. Income Tax - Ready Reckoner - 1999 - 2000 | ||
| 700 |
_a _a |
||
| 999 |
_c13532 _d13532 |
||